Lei de organización i atribuciones de los tribunales. Reformada, comentada, concordada

Gespeichert in:
Bibliographische Detailangaben
1. Verfasser: Marcoleta Aránguiz, Carlos (autor)
Format: Buch
Sprache:Spanisch
Veröffentlicht: Santiago Imprenta Universitaria 1920
Schlagworte:
Tags: Tag hinzufügen
Keine Tags, Fügen Sie den ersten Tag hinzu!

MARC

LEADER 00000nam a2200000 a 4500
001 UCR3874
003 CL-VaPUC
008 980130e19200000CL |||||||||||||||||spa|d
082 0 4 |a 347.012  |b MAR  |2 21 
100 |a Marcoleta Aránguiz, Carlos  |e autor  |9 403286 
245 1 0 |a Lei de organización i atribuciones de los tribunales. Reformada, comentada, concordada 
300 |a 169 p 
942 |c BK 
945 |d 19980130 00:00:00  |a aolguin 
260 |a Santiago  |b Imprenta Universitaria  |c 1920 
600 0 7 |a CORTE SUPREMA  |2 CL-VaPUC  |9 389044 
650 7 |a LEY DE ORGANIZACION Y ATRIBUCIONES  |2 CL-VaPUC  |9 352923 
650 0 |a Tribunales  |9 254872 
650 0 |a Poder judicial  |9 254871 
650 7 |a LEY  |2 CL-VaPUC  |9 403287 
650 0 |a Administración de justicia  |9 382749 
651 7 |a CHILE  |2 CL-VaPUC  |9 403289 
583 |a last modification  |c 19980130 00:00:00  |k Rodrigo Vera 
999 |c 266893  |d 266891 
952 |0 0  |1 0  |2 ddc  |4 0  |5 1  |6 347_012000000000000_MAR_1920  |7 1  |8 C_LRYV  |9 298919  |a FDOBRV  |b BIBDER  |d 2019-11-20  |i 1944665  |o 347.012 MAR 1920  |p 1944665  |r 2023-01-25  |w 2019-11-20  |y BK_X  |k BRV